| 000 | 00853nam a22002657a 4500 | ||
|---|---|---|---|
| 003 | DO-SdBNP | ||
| 005 | 20211001152056.0 | ||
| 007 | ta | ||
| 008 | 211001b 2004 dr a 00| 0 eng d | ||
| 020 | _a9993473049 | ||
| 040 |
_aDO-SdBNP _bspa _cBNPHU |
||
| 082 | 4 |
_aBNPHU _bM826f |
|
| 100 |
_91678 _aMoquete de la Rosa, Jacobo |
||
| 245 | 1 | 0 |
_aFilosofía de la educación / _cJacobo Moquete de la Rosa |
| 250 | _a2a. ed. actualizada | ||
| 260 |
_aSanto Domingo : _bDe Colores, _c2004. |
||
| 300 |
_a53 p. : _c26 cm. |
||
| 490 | 1 |
_aEducación y sociedad _v41 _x988 |
|
| 500 | _aIncliuye datos biográficos del autor en la contracubierta e incluye índices de nombres y materias | ||
| 504 | _aBibliografía : p. 341-346 | ||
| 590 | _aInventariado, 2021/BT | ||
| 830 | 0 |
_aEducación y sociedad _n41 _917470 _p988 |
|
| 910 | _aBtavárez | ||
| 942 |
_2ddc _cLBS1 |
||
| 999 |
_c50685 _d50685 |
||